Chemistry of synthetic dyes. V 1 (Record no. 26652)

MARC details
000 -LEADER
fixed length control field 00308nam a2200121Ia 4500
082 ## - DEWEY DECIMAL CLASSIFICATION NUMBER
Classification number 667.28
Item number VEN
100 ## - MAIN ENTRY--AUTHOR NAME
Personal name Venkataraman, K
245 #0 - TITLE STATEMENT
Title Chemistry of synthetic dyes. V 1
260 ## - PUBLICATION, DISTRIBUTION, ETC. (IMPRINT)
Place of publication New York
Name of publisher Academic
Year of publication 1952
650 ## - SUBJECT ADDED ENTRY--TOPICAL TERM
Topical Term Synthetic dyes
942 ## - ADDED ENTRY ELEMENTS (KOHA)
Koha item type Books
Holdings
Withdrawn status Lost status Damaged status Not for loan Home library Current library Date acquired Cost, normal purchase price Full call number Accession Number Koha item type
        RRII Library RRII Library 16/12/2021 45.00 667.28 VEN 07284 Books